Biblioteka Instytutu Północnego w Olsztynie

Pod skrzydłami Rzeczypospolitej : (Rekord nr 27470)

Szczegóły MARC
000 -Nagłówek
fixed length control field 02263cam a2200529 i 4500
001 - Nr kontrolny bibl., która utworzyła rek.
control field xx004599306
003 - Siglum bibl., której nr kontr. jest w 001
control field NUKAT
005 - Data i czas ostatniej operacji
control field 20260408120341.0
008 - Elementy pola stałej długości
fixed length control field 190424s2019 pl a |001 0dpol c
020 ## - ISBN
ISBN 9788380985940
dopowiedzenie (oprawa twarda) :
warunki dostępności zł 59,00
035 ## - Systemowy numer kontrolny
systemowy numer kontrolny (OCoLC)1100288693
035 ## - Systemowy numer kontrolny
systemowy numer kontrolny (NUKAT)xx004599306
040 ## - Instytucja sporządzająca opis
Instytucja, która sporządziła opis KR 303/MS
język katalgowania-trzyzn. kod pol
zasady opisu rda
Instytucja, która sporządziła rekord KR 303/MS
Instytucja, która zmodyfikowała rekord KR 303/DW
-- OLSZR 008/bak
041 1# - Kod nazwy języka dokumentu
Język tekstu pol
-- geo
Language code of original pol
045 2# - Okres czasu dla zawartości
czas między r. 9999 pne a nasz. czas. d1921
-- d1939
046 ## - Kod rodz. daty, data1, data2 (daty pne)
Begin/single date 2015
100 1# - Hasło główne-nazwa osobowa
Nazwa osobowa Kolbaia, Dawid
Daty biograficzne (1963- ).
rodzaj współpracy Autor
9 (RLIN) 15879
240 10 - Tytuł ujednolicony
tytuł ujednolicony Pod skrzydłami Rzeczypospolitej
język tekstu (pol.)
245 10 - Tytuł właściwy i oznaczenie odpow.
tytuł Pod skrzydłami Rzeczypospolitej :
dodatek do tytułu emigracja gruzińska w Polsce 1921-1939 = Rečpospilitas p'rt'ebk'veš : k'art'uli emigrac'ia Polonet'ši 1921-1939 /
dod. inf. ze s. tyt./ozn. odpow. David Kolbaia.
246 31 - Inne formy tytułu, wariant tytułu
tytuł Rečpospilitas p'rt'ebk'veš :
cd. tytułu k'art'uli emigrac'ia Polonet'ši 1921-1939
260 ## - Adres wydawniczy
miejsce wydania, dystrybucji itp. Warszawa :
nazwa wydawcy, dystrybutora itp. Instytut Pamięci Narodowej,
data wydania, dystrybucji itp. 2019.
300 ## - Opis fizyczny
objętość i/lub forma materiału 247 stron :
inne szczegóły opisu fizycznego ilustracje ;
format 30 cm.
336 ## - Content Type
Term Tekst
Code txt
Source rdacontent
337 ## - Media Type
Term Bez urządzenia pośredniczącego
Code n
Source rdamedia
338 ## - Carrier Type
Term Wolumin
Code nc
Source rdacarrier
380 ## - Form of work
Form of work Albumy i książki artystyczne
380 ## - Form of work
Form of work Książki
388 1# - TIME PERIOD OF CREATION
Time period of creation term 2001-
504 ## - Uwaga o bibliografii
uwaga o bibliografii Bibliografia na stronach 233-234. Indeks.
546 ## - Uwaga o języku opisywanego materiału
uwaga o języku Tekst równoległy w języku polskim i gruzińskim.
610 27 - Hasło przedmiotowe-nazwa ciała zbior.
nazwa ciała zbior. lub geogr. Wojsko Polskie (1918-1939)
źródło hasła DBN
9 (RLIN) 37311
610 17 - Hasło przedmiotowe-nazwa ciała zbior.
nazwa ciała zbior. lub geogr. Polska.
nazwa jednostki podrzędnej Wojsko Polskie (1918-1939)
określnik rzeczowy i mniejszości
określnik formy wydawnictwa ilustrowane.
źródło hasła kaba
9 (RLIN) 39630
648 #7 - SUBJECT ADDED ENTRY--CHRONOLOGICAL TERM
Chronological term 1901-2000
Source of heading or term DBN
9 (RLIN) 34996
648 #7 - SUBJECT ADDED ENTRY--CHRONOLOGICAL TERM
Chronological term 1918-1939
Source of heading or term DBN
9 (RLIN) 36041
650 #7 - Hasło przedmiotowe-nazwa pospolita
nazwa pospolita lub geogr. Emigracja
źródło hasła DBN
9 (RLIN) 39632
650 #7 - Hasło przedmiotowe-nazwa pospolita
nazwa pospolita lub geogr. Fotografia polska
źródło hasła DBN
9 (RLIN) 35386
650 #7 - Hasło przedmiotowe-nazwa pospolita
nazwa pospolita lub geogr. Gruzini
źródło hasła DBN
9 (RLIN) 39629
650 #7 - Hasło przedmiotowe-nazwa pospolita
nazwa pospolita lub geogr. Gruzini
określnik geograficzny Polska
określnik chronologiczny 1900-1945
określnik formy wydawnictwa ilustrowane.
źródło hasła kaba
9 (RLIN) 39631
650 #7 - Hasło przedmiotowe-nazwa pospolita
nazwa pospolita lub geogr. Żołnierze gruzińscy
określnik geograficzny Polska
określnik chronologiczny 1900-1945
określnik formy wydawnictwa ilustrowane.
źródło hasła kaba
9 (RLIN) 39633
651 #7 - Hasło przedmiotowe-nazwa geogr.
nazwa geograficzna Polska
źródło hasła DBN
9 (RLIN) 35076
655 #7 - Termin określający rodzaj/formę
rodzaj/forma Album
źródło terminu DBN
9 (RLIN) 35390
658 ## - Nazwa określająca cel programu nauczania
główny cel programu nauczania Historia
700 12 - Hasło dodatkowe - nazwa osobowa
nazwa osobowa Kolbaia, Dawid
daty biograficzne (1963- ).
tytuł pracy Pod skrzydłami Rzeczypospolitej
język pracy (gruz.)
9 (RLIN) 39626
710 2# - Hasło dodatkowe - nazwa ciała zbior.
nazwa ciała zbior. lub nazwa geogr. Instytut Pamięci Narodowej - Komisja Ścigania Zbrodni przeciwko Narodowi Polskiemu.
rodzaj współpracy Wydawca
kod rodzaju współpracy pbl
9 (RLIN) 11792
920 ## - ISBN
ISBN 978-83-8098-594-0 (oprawa twarda) : zł 59,00
942 ## - ADDED ENTRY ELEMENTS (KOHA)
Source of classification or shelving scheme Dewey Decimal Classification
Koha item type pozycje dostępne na miejscu
Egzemplarze
Status wycofania Status zagubienia Klasyfikacja Status uszkodzenia Blokada wypożyczeń Kolekcja Lokalizacja macierzysta Lokalizacja bieżąca Data nabycia Numer akcesji Źródło akcesji Cena Nr inwentarzowy il. wypożyczeń Sygnatura Kod kreskowy Date last seen Price effective from Typ egz.
    Dewey Decimal Classification nieuszkodzona   książka w magazynie Biblioteka Instytutu Północnego w Olsztynie Biblioteka Instytutu Północnego w Olsztynie 25/11/2019 D-38/2019 dar 59.00 59854   59854 IPWK21553 08/04/2026 08/04/2026 pozycje dostępne na miejscu
Biblioteka Instytutu Północnego, ul. Partyzantów 87, 10-402 Olsztyn, email: biblioteka(at)ip.olsztyn.pl